00288nam a2200121Ia 4500008004100000082001600041100001900057245003800076250000800114260002700122300000900149650000800158191201s2009 xx 000 0 und d a005.74bELF aELMSARI, Ramez 0aFundamentals of Data Base Systems a5th aN.DelhibPearsonc2009 a1143 aMCA